01438nam a2200373 a 4500999001700000001001000017003000900027005001700036008004100053020002500094020002200119040003500141082001700176100004200193245018000235250002000415250002700435264007100462264001000533300008000543336002600623337002800649338002700677500002500704500002000729650002300749650003400772653002300806655002400829700003900853700003300892942001200925952012700937 c28620d28591014892200EG-ScBUE20200831093212.0091026t2009 njuac f 001 0 eng d a9780137008452 (pbk.) a0137008457 (pbk.) aStDuBDSbengerdacStDuBDSdUk04a657bHOR2221 aHorngren, Charles T.,d1926-eauthor.10aFinancial and managerial accounting /cCharles T. Horngren, Stanford University, Walter T. Harrison Jr., Baylor University, M. Suzanne Oliver, Northwest Florida State College. aSecond edition. aInternational edition. 1aUpper Saddle River, New Jersey :bPearson Education, Inc.,c[2009] 4cc2009 a1 volume (various pagings) :bcolor illustrations, color portraits ;c28 cm atext2rdacontentbtxt aunmediated2rdamediabn avolume2rdacarrierbnc aIncludes appendices. aIncludes index. 7aAccounting.2BUEsh 7aManagerial accounting.2BUEsh bBUSADMcAugust2020 vReading book9342321 aHarrison, Walter T.,cJr.eauthor.1 aOliver, M. Suzanne.eauthor. 2ddccBB 00102ddc40708BaccahaMAINbMAINc1STd2020-08-31ePurchasel0o657 HORp000049512r2025-07-15 00:00:00w2020-08-31yBB